First cetificate direct - student's book

保存先:
書誌詳細
第一著者: Mary Spratt
フォーマット: 図書
言語:Undetermined
出版事項: Cambridge, UK Cambridge Univ. Press 2001
主題:
タグ: タグ追加
タグなし, このレコードへの初めてのタグを付けませんか!
Thư viện lưu trữ: Trung tâm Học liệu Trường Đại học Cần Thơ
LEADER 00526nam a2200193Ia 4500
001 CTU_57619
008 210402s9999 xx 000 0 und d
020 |b 228000 
082 |a 428.24 
082 |b S768 
100 |a Mary Spratt 
245 0 |a First cetificate direct - student's book 
260 |a Cambridge, UK 
260 |b Cambridge Univ. Press 
260 |c 2001 
650 |a english language 
650 |x textbooks for foreign speakers 
904 |i Minh 
980 |a Trung tâm Học liệu Trường Đại học Cần Thơ